000 00374nam a2200145Ia 4500
008 230917s9999||||xx |||||||||||||| ||und||
040 _e126368
_aMAIN
041 _aEnglish
082 _a410 S78F:S
100 _aFreed, Alice F
245 0 _aSemantics of english aspectual complementation
260 _aDordrecht
_bD. Reidel
_c1979
300 _ax, 172p. p.
942 _cBK
999 _c213358
_d213358